000 00538cam a22001811 4500
082 0 0 _a621.313
_bSIS
100 1 _aSiskind, Charles S.
_d1897-1966
245 0 0 _aElectrical machines; direct & alternating current./
250 _a2d ed.
260 _aNew York,
_bMcGraw-Hill,
_c1959.
300 _a563 p.
_billus.
_c24 cm.
563 _aHB
650 0 _aElectric machines.
_959915
942 _2ddc
_cBK
999 _c615181
_d615181